| 000 | 00521nam a2200181Ia 4500 | ||
|---|---|---|---|
| 005 | 20250326125407.0 | ||
| 008 | 250326s9999 xx 000 0 und d | ||
| 037 | _aTextbook | ||
| 040 |
_aFMSL _beng _cFMSL |
||
| 041 |
_aeng _2eng |
||
| 084 |
_aX9B:8.3 L3 _qFMSL |
||
| 100 | _aStanworth M J K | ||
| 245 | 0 |
_aManagement motivation in the smaller business _cStanworth M J K; Curran J |
|
| 260 |
_aEngland _bEngland, Gower _c1973 |
||
| 300 | _a195p | ||
| 942 |
_cTB _hX9B:8.3 L3 |
||
| 999 |
_c1277859 _d1277859 |
||